000 00530cam a2200205ua 4500
020 _a81-7024-251-7
_cRs 200.00
041 _aeng
_h
082 _a631.5861
_bANI/WA
100 _aAnil, Kumar .
245 _aWasteland management in India /
_cAnil Kumar.
_hTextual Documents
250 _a1 /
_b.
260 _aNew Delhi :
_bAshish Publishing House ,
_c1989.
300 _a227 ; .
365 _aRs 200.00
504 _a
700 1 _aPandey, R N .
942 _cBK
999 _c1401
_d1401